000 00567nam a2200157 a 4500
001 000033455
005 20220201081530.0
008 110829s19uu dr 000 0 spa d
040 _aDO-SdBNP
_bspa
_cBNPHU
100 1 _a Bermúdez, Federico,
_d1884-1921
_923672
245 1 0 _aOro virgen :
_bensayos breves /
_cFederico R. Bermudez O.
260 _aSan Pedro de Macorís, República Dominicana :
_bTipografía la Orla,
_c[196?].
300 _a1v. Con varias paginaciones ;
_c17 cm.
500 _aLa biblioteca posee un ejemplar autografiado por el autor
049 _aBNPD
999 _c32946
_d32946